MARC details
| 000 -LEADER |
| fixed length control field |
01614cam a2200301 4500 |
| 001 - CONTROL NUMBER |
| control field |
3620244 |
| 003 - CONTROL NUMBER IDENTIFIER |
| control field |
GZU |
| 005 - DATE AND TIME OF LATEST TRANSACTION |
| control field |
20210330091859.0 |
| 008 - FIXED-LENGTH DATA ELEMENTS--GENERAL INFORMATION |
| fixed length control field |
730724s1972 enk b 001 0 eng |
| 010 ## - LIBRARY OF CONGRESS CONTROL NUMBER |
| LC control number |
73330830 |
| 015 ## - NATIONAL BIBLIOGRAPHY NUMBER |
| National bibliography number |
B72-07614 |
| 020 ## - INTERNATIONAL STANDARD BOOK NUMBER |
| International Standard Book Number |
0140802444 |
| 040 ## - CATALOGING SOURCE |
| Original cataloging agency |
DLC |
| Transcribing agency |
DLC |
| Modifying agency |
DLC |
| 050 00 - LIBRARY OF CONGRESS CALL NUMBER |
| Classification number |
P40 |
| Item number |
.GIG 1972 |
| 082 00 - DEWEY DECIMAL CLASSIFICATION NUMBER |
| Classification number |
301.2/1 |
| 100 1# - MAIN ENTRY--PERSONAL NAME |
| Personal name |
Giglioli, Pier Paolo, |
| Relator term |
comp. |
| 245 10 - TITLE STATEMENT |
| Title |
Language and social context: selected readings. |
| Statement of responsibility, etc. |
Pier Paolo Giglioli |
| 260 ## - PUBLICATION, DISTRIBUTION, ETC. |
| Place of publication, distribution, etc. |
Harmondsworth, |
| Name of publisher, distributor, etc. |
Penguin, |
| Date of publication, distribution, etc. |
1972. |
| 300 ## - PHYSICAL DESCRIPTION |
| Extent |
399 p. |
| Dimensions |
18 cm. |
| 350 ## - PRICE (NR) (BK AM CF MU VM SE) [OBSOLETE] |
| Price |
£0.65 |
| 490 0# - SERIES STATEMENT |
| Series statement |
Penguin education |
| 490 0# - SERIES STATEMENT |
| Series statement |
Penguin modern sociology readings |
| 504 ## - BIBLIOGRAPHY, ETC. NOTE |
| Bibliography, etc. note |
Includes bibliographies. |
| 505 0# - FORMATTED CONTENTS NOTE |
| Formatted contents note |
Hymes, D. Toward ethnographies of communication.--Fishman, J. A. The sociology of language.--Goffman, E. The neglected situation.--Basso, K. H. To give up on words: silence in Western Apache culture.--Frake, C. O. How to ask for a drink in Subanun.--Schegloff, E. A. Notes on a conversational practice: formulating place.--Searle, J. What is a speech act?--Bernstein, B. Social class, language and socialization.--Labov, W. The logic of nonstandard English.--Gumperz, J. The speech community.--Ferguson, C. A. Diglossia.--Brown, R. and Gilman, A. The pronouns of power and solidarity.--Labov, W. The study of language in its social context.--Goody, J. and Watt, I. The consequences of literacy.--Inglehart, R. and Woodward, M. Language conflicts and the political community. |
| 650 #0 - SUBJECT ADDED ENTRY--TOPICAL TERM |
| Topical term or geographic name entry element |
Sociolinguistics. |
| 906 ## - LOCAL DATA ELEMENT F, LDF (RLIN) |
| a |
7 |
| b |
cbc |
| c |
orignew |
| d |
3 |
| e |
ncip |
| f |
19 |
| g |
y-gencatlg |
| 942 ## - ADDED ENTRY ELEMENTS (KOHA) |
| Source of classification or shelving scheme |
Library of Congress Classification |
| Koha item type |
Books |
| Classification part |
40 |
| Item part |
GIG |
| Call number prefix |
P |